Carregant...
Being Creative: Be inspired. Unlock your originality
Through a series of 20 practical and effective exercises, all using a unique visual approach, Michael Atavar challenges you to open your mind, shift your perspective and ignite your creativity. Whatever your passion, craft or aims, this book will expertly guide you from bright idea, through the tric...
| Autor principal: | |
|---|---|
| Format: | Printed Book |
| Publicat: |
London
Quarto Publishing
2018
|
| Col·lecció: | Build+become.
|
| Matèries: |
| LEADER | 01301nam a22001817a 4500 | ||
|---|---|---|---|
| 999 | |c 30360 |d 30360 | ||
| 020 | |a 9781781317181 | ||
| 082 | |a 153.35 ATA-B | ||
| 100 | |a Michael Atavar | ||
| 245 | |a Being Creative: Be inspired. Unlock your originality | ||
| 260 | |a London |b Quarto Publishing |c 2018 | ||
| 300 | |a 157 pages : colour illustrations ; 21 cm. | ||
| 490 | |a Build+become. | ||
| 505 | |a Beginning -- Using process -- Keeping going -- Being resourceful -- Challenges & difficulty. | ||
| 520 | |a Through a series of 20 practical and effective exercises, all using a unique visual approach, Michael Atavar challenges you to open your mind, shift your perspective and ignite your creativity. Whatever your passion, craft or aims, this book will expertly guide you from bright idea, through the tricky stages of development, to making your concepts a reality. We often treat creativity as if it was something separate from us - in fact it is, as this book demonstrates, incredibly simple: creativity is nothing other than the very core of 'you'. | ||
| 650 | |a Creative ability. Thought and thinking. Originality. | ||
| 942 | |c BK | ||
| 952 | |0 0 |1 0 |4 0 |6 153_350000000000000_ATAB |7 0 |9 33125 |a DCB |b DCB |d 2019-05-09 |l 2 |m 1 |o 153.35 ATA-B |p DCB3532 |q 2021-02-23 |r 2020-10-16 |s 2020-10-16 |w 2019-05-09 |y BK | ||